Statistics for 2022 FIFA World Cup Group E - Costa Rica - Germany

Click here to take the quiz!

General Stats

  • This quiz has been taken 41 times
  • The average score is 17 of 34

Answer Stats

Player% Correct
Manuel Neuer
100%
İlkay Gündoğan
88%
Joshua Kimmich
88%
Leroy Sané
88%
Thomas Müller
88%
Kai Havertz ²
84%
Keylor Navas
84%
Niklas Süle
84%
Serge Gnabry ¹
84%
Antonio Rüdiger
81%
Leon Goretzka
78%
Niclas Füllkrug ¹
78%
Jamal Musiala
72%
David Raum
69%
Hansi Flick
66%
Joel Campbell
56%
Matthias Ginter
41%
Lukas Klostermann
34%
Mario Götze
34%
Keysher Fuller
31%
Óscar Duarte
25%
Bryan Oviedo
22%
Celso Borges
22%
Juan Pablo Vargas ¹
22%
Yeltsin Tejeda ¹
22%
Anthony Contreras
19%
Kendall Waston
19%
Brandon Aguilera
16%
Jewison Bennette
16%
Johan Venegas
16%
Luis Fernando Suárez
16%
Roan Wilson
16%
Youstin Salas
16%
Rónald Matarrita
13%

Score Distribution

Percentile by Number Answered

Percent of People with Each Score

Your Score History

You have not taken this quiz